Organic reactions and their mechanisms (Record no. 757298)

MARC details
000 -LEADER
fixed length control field 00345 a2200133 4500
020 ## - INTERNATIONAL STANDARD BOOK NUMBER
ISBN 9789360742508
084 ## - OTHER CLASSIFICATION NUMBER
Source of Number CC
Classification number E5:21
100 ## - MAIN ENTRY--AUTHOR NAME
Personal name KALSI, P S
245 ## - TITLE STATEMENT
Title Organic reactions and their mechanisms
260 ## - PUBLICATION, DISTRIBUTION, ETC. (IMPRINT)
Name of publisher New age international publishers,
Year of publication 2026,
Place of publication Delhi
300 ## - PHYSICAL DESCRIPTION
Number of Pages 650p.
942 ## - ADDED ENTRY ELEMENTS (KOHA)
Koha item type Book
Source of classification or shelving scheme Colon Classification
Holdings
Withdrawn status Lost status Source of classification or shelving scheme Damaged status Not for loan Home Library Current Location Shelving location Date acquired Source of acquisition Cost, normal purchase price Full call number Accession Number Cost, replacement price Price effective from Koha item type
    Colon Classification     Kerala University Library Kerala University Library General Stacks 11/03/2026 14 509.15 E5:21 R6 326867 599.00 11/03/2026 General